Σαπουνόφουσκες, ουράνια τόξα και σκουλήκια : πειράματα από το χώρο των Φυσικών Επιστημών για παιδιά προσχολικής ηλικίας

Αποθηκεύτηκε σε:
Λεπτομέρειες βιβλιογραφικής εγγραφής
Κύριος συγγραφέας: Brown, Sam Ed, 1932-
Μορφή: Βιβλίο
Γλώσσα:Greek
English
Δημοσίευση: Αθήνα : Τυπωθήτω, 1995.
Θέματα:
Ετικέτες: Προσθήκη ετικέτας
Δεν υπάρχουν, Καταχωρήστε ετικέτα πρώτοι!

MARC

LEADER 00000cam a2200000 i 4500
001 1/13105
008 001113s1995 gr | ||| |||| ||gre||
020 |a 960764312- 
035 |l 10064486 
040 |a GR-MyUA  |b gre  |e AACR2 
041 1 |a gre  |h eng 
082 0 |a 507 
100 1 |a Brown, Sam Ed,   |d 1932- 
245 1 0 |a Σαπουνόφουσκες, ουράνια τόξα και σκουλήκια :   |b πειράματα από το χώρο των Φυσικών Επιστημών για παιδιά προσχολικής ηλικίας /   |c Sam Ed Brown ; εικονογράφηση Silas Stamper.  
260 |a Αθήνα :   |b Τυπωθήτω,   |c 1995.  
300 |a 101 σ.  
650 0 0 |a Science  |x Study and teaching (Preschool) 
650 0 0 |a Science  |x Experiments. 
765 0 8 |i Μετάφραση του:   |t Bubbles, rainbows & worms :  
852 |a INST  |b RHODES  |e 20001113  |h 507 BRO  |p 005400017535  |q 005400017535  |t BK  |y 0 
901 |a BIBL4-2000-3 
909 |a Ρ  |b 081132 
922 |a 4ΕΛΗ  |b 200010  |c 095 
970 |a ΚΟΥΛΑΚΙΟΤΗ  |b ΛΙΤΣΑ  |z 2000/11/13